Lanean...
Aram Kerala charithra conference prabandhangal
| Egile nagusia: | |
|---|---|
| Formatua: | Printed Book |
| Argitaratua: |
Sahithya Pravarthaka Co-operative Society LTD.
2019
|
| LEADER | 00369 a2200097 4500 | ||
|---|---|---|---|
| 020 | |a 9789388992718 | ||
| 100 | |a Satheesh Palanki | ||
| 245 | |a Aram Kerala charithra conference prabandhangal | ||
| 260 | |b Sahithya Pravarthaka Co-operative Society LTD. |c 2019 | ||
| 999 | |c 352246 |d 352246 | ||
| 952 | |0 0 |1 0 |4 0 |7 0 |9 407023 |a UL |b UL |c PROC |d 2020-07-28 |g 840.00 |l 0 |p 103958 |r 2020-07-28 |v 1200.00 |w 2020-07-28 |y BK | ||